<?xml version="1.0" encoding="UTF-8"?><?xml-stylesheet type="text/xsl" href="static/style.xsl"?><OAI-PMH xmlns="http://www.openarchives.org/OAI/2.0/" xmlns:xsi="http://www.w3.org/2001/XMLSchema-instance" xsi:schemaLocation="http://www.openarchives.org/OAI/2.0/ http://www.openarchives.org/OAI/2.0/OAI-PMH.xsd"><responseDate>2026-06-05T04:04:39Z</responseDate><request verb="GetRecord" identifier="oai:riuma.uma.es:10630/8289" metadataPrefix="marc">https://riuma.uma.es/rest/oai/request</request><GetRecord><record><header><identifier>oai:riuma.uma.es:10630/8289</identifier><datestamp>2026-02-03T12:15:32Z</datestamp><setSpec>com_10630_2254</setSpec><setSpec>col_10630_37959</setSpec></header><metadata><record xmlns="http://www.loc.gov/MARC21/slim" xmlns:dcterms="http://purl.org/dc/terms/" xmlns:doc="http://www.lyncode.com/xoai" xmlns:xsi="http://www.w3.org/2001/XMLSchema-instance" xsi:schemaLocation="http://www.loc.gov/MARC21/slim http://www.loc.gov/standards/marcxml/schema/MARC21slim.xsd">
   <leader>00925njm 22002777a 4500</leader>
   <datafield ind2=" " ind1=" " tag="042">
      <subfield code="a">dc</subfield>
   </datafield>
   <datafield ind2=" " ind1=" " tag="720">
      <subfield code="a">Blanco-Reina, Encarnación</subfield>
      <subfield code="e">author</subfield>
   </datafield>
   <datafield ind2=" " ind1=" " tag="720">
      <subfield code="a">Muñoz-García, Azucena</subfield>
      <subfield code="e">author</subfield>
   </datafield>
   <datafield ind2=" " ind1=" " tag="720">
      <subfield code="a">Cárdenas Aranzana, Manuel</subfield>
      <subfield code="e">author</subfield>
   </datafield>
   <datafield ind2=" " ind1=" " tag="720">
      <subfield code="a">Morillo Verdugo, Ramón</subfield>
      <subfield code="e">author</subfield>
   </datafield>
   <datafield ind2=" " ind1=" " tag="720">
      <subfield code="a">Moreno, José Luís</subfield>
      <subfield code="e">author</subfield>
   </datafield>
   <datafield ind2=" " ind1=" " tag="720">
      <subfield code="a">Muros, Begoña</subfield>
      <subfield code="e">author</subfield>
   </datafield>
   <datafield ind2=" " ind1=" " tag="720">
      <subfield code="a">Alférez, Inmaculada</subfield>
      <subfield code="e">author</subfield>
   </datafield>
   <datafield ind2=" " ind1=" " tag="720">
      <subfield code="a">Salazar, Meritxell</subfield>
      <subfield code="e">author</subfield>
   </datafield>
   <datafield ind2=" " ind1=" " tag="720">
      <subfield code="a">Bellido-Estévez, Inmaculada</subfield>
      <subfield code="e">author</subfield>
   </datafield>
   <datafield ind2=" " ind1=" " tag="720">
      <subfield code="a">Saldaña Valderas, Monica</subfield>
      <subfield code="e">author</subfield>
   </datafield>
   <datafield ind2=" " ind1=" " tag="260">
      <subfield code="c">2014-10-22</subfield>
   </datafield>
   <datafield ind2=" " ind1=" " tag="520">
      <subfield code="a">Compassionate Use (CU) is a way of making available to patients with an unmet medical need a promising medicine wich has not been authorised for their condition. The main objective of this study was to describe the magnitude and profile of the CU in a sample of Andalusian public hospitals. As a secondary objective we wanted to analyze the evolution of these new treatment options under development.&#xd;
Methods: A cross-sectional study including all applications of CU in 2010. Setting: 7 hospitals, 6 different provinces. Variables: center, clinical area, medicinal product, ATC classification, therapeutic indications, and approval by the EMA or AEMPS during the four following years.      &#xd;
Results: A total of 194 applications regarding CU of drugs were submitted to the respective Pharmacy Committees. Among them we identified 27 different types of CU. Reina Sofía Hospital (Córdoba) was the most active center, both in number of applications (24%) and variety of them (15 of the 27 types). Drugs such as dalfampridine, decitabine, defibrotide and figitumumab only were requested from this center. In all, the most frequent CU were: bendamustine for lymphoma (12% of applications) and 5-aminolevulinic acid for surgery for malignant glioma (12%), followed by treprostinil (10%), everolimus (8.2%) and idebenone (8%). The ATC L Group (antineoplastic and inmunomodulating) accounted for almost 60% of all CU. Stem cell therapy for advanced chronic lower limb ischaemia, diacetylmorphine for heroin substitution and norcholesterol (radio drug) were also included as CU. After 4 years, 60% of drugs has achieved marketing authorisation. The remaining 40% have not yet managed license or have been rejected by the EMA (eg gentuzumab and idebenone).&#xd;
Conclusion: CU showed a variable profile between the different hospitals. Early access to certain investigational drugs has been supported by the high percentage of marketing authorisations. However, there are uses with some uncertainty.</subfield>
   </datafield>
   <datafield ind1="8" ind2=" " tag="024">
      <subfield code="a">http://hdl.handle.net/10630/8289</subfield>
   </datafield>
   <datafield tag="653" ind2=" " ind1=" ">
      <subfield code="a">Medicamentos</subfield>
   </datafield>
   <datafield ind2="0" ind1="0" tag="245">
      <subfield code="a">Compassionate use of medicinal products: a multicenter study</subfield>
   </datafield>
</record>
</metadata></record></GetRecord></OAI-PMH>